[Event "Fagernes Chess International"]
[Site "Fagernes"]
[Date "2015.03.29"]
[Round "4"]
[White "Risting, Eivind Olav"]
[Black "Haugli, Petter"]
[Result "0-1"]
[WhiteElo "2100"]
[BlackElo "2247"]
[PlyCount "74"]
[EventDate "2015.??.??"]

1. e4 c5 2. Nf3 e6 3. d4 cxd4 4. Nxd4 a6 5. Bd3 Bc5 6. Nb3 Ba7 7. c4 Nc6 8. O-O
Nf6 9. Nc3 O-O 10. Kh1 d6 11. Bg5 h6 12. Bh4 Ne5 13. Be2 Ng6 14. Bg3 e5 15. Qd3
h5 16. h3 h4 17. Bh2 Be6 18. Nd5 Nxd5 19. exd5 Bd7 20. f4 exf4 21. Bxf4 Nxf4
22. Rxf4 Qg5 23. Raf1 Rae8 24. Bg4 f5 25. Bd1 Re3 26. Qd2 Rg3 27. Nd4 Re8 28.
Bf3 Qf6 29. Bg4 g6 30. Bxf5 gxf5 31. Nxf5 Bxf5 32. Rxf5 Qg7 33. b4 Ree3 34. Kh2
Bd4 35. Rf8+ Kh7 36. R8f7 Rxh3+ 37. Kg1 Rd3+
0-1

[Event "Fagernes Chess International"]
[Site "Fagernes"]
[Date "2015.03.29"]
[Round "4"]
[White "Kjølberg, Jens Hjorth"]
[Black "Bjerke, Richard"]
[Result "0-1"]
[WhiteElo "2094"]
[BlackElo "2180"]
[PlyCount "176"]
[EventDate "2015.??.??"]

1. d4 d5 2. c4 c6 3. Nf3 Nf6 4. g3 Bf5 5. Nc3 e6 6. Nh4 Be4 7. f3 Bg6 8. Qb3 b6
9. Nxg6 hxg6 10. e3 Bd6 11. f4 g5 12. Bd2 gxf4 13. exf4 g5 14. cxd5 exd5 15.
O-O-O gxf4 16. Re1+ Kf8 17. Be2 Nbd7 18. Ref1 fxg3 19. hxg3 Rxh1 20. Rxh1 Ke7
21. Re1 Qg8 22. Bb5+ Kd8 23. Bxc6 Rc8 24. Bxd5 Qxg3 25. Bxf7 Bf4 26. Qd1 Rxc3+
27. bxc3 Qxc3+ 28. Kb1 Bxd2 29. Rh1 Qxd4 30. Qc2 Qb4+ 31. Bb3 Qe4 32. Qxe4 Nxe4
33. Rh7 Nec5 34. Kc2 Bf4 35. Bd5 Kc7 36. Bg2 b5 37. Bh3 a5 38. Bxd7 Nxd7 39.
Rf7 Be5 40. Rh7 Kc6 41. Re7 a4 42. Re8 Bd6 43. Rc8+ Kd5 44. Rh8 Ne5 45. Rh5 Bc5
46. Rh8 Kc4 47. Rc8 Nf3 48. Rc7 Nd4+ 49. Kb1 Kb4 50. Rh7 Kc4 51. Rh2 Bb4 52.
Rh4 Bc3 53. Rg4 Kb4 54. Rg3 Nc6 55. Rg4+ Bd4 56. Re4 Kc4 57. Rh4 Nb4 58. Rg4
Nd5 59. Rg2 Nc3+ 60. Ka1 b4 61. Rh2 Nb5+ 62. Kb1 Na3+ 63. Kc1 Kd3 64. Rh7 Be3+
65. Kb2 Nc4+ 66. Kb1 Nd2+ 67. Kc1 Ne4+ 68. Kb1 a3 69. Rh3 Kd2 70. Rh2+ Kd3 71.
Rh3 Nc3+ 72. Ka1 Ne2 73. Kb1 Kd2 74. Rh4 Bd4 75. Rh3 Be3 76. Rh4 Nc3+ 77. Ka1
Nd5 78. Kb1 Kc3 79. Rh5 Kc4 80. Rh4+ Bd4 81. Rh3 Nc3+ 82. Ka1 b3 83. axb3+ Kxb3
84. Rd3 Bf6 85. Rf3 Bg5 86. Rf8 Bc1 87. Rb8+ Kc2 88. Rb2+ Bxb2#
0-1

[Event "Fagernes Chess International"]
[Site "Fagernes"]
[Date "2015.03.29"]
[Round "4"]
[White "Hølleland, Sigve"]
[Black "Djurhuus, Eivind X"]
[Result "1/2-1/2"]
[WhiteElo "1963"]
[BlackElo "2077"]
[PlyCount "113"]
[EventDate "2015.??.??"]

1. c4 Nf6 2. Nc3 e5 3. g3 d5 4. cxd5 Nxd5 5. Bg2 Nb6 6. e3 c5 7. Nge2 Be7 8.
O-O O-O 9. d4 exd4 10. exd4 cxd4 11. Nxd4 Bf6 12. Ndb5 Nc6 13. Bf4 Qxd1 14.
Raxd1 Bg4 15. Rc1 Be5 16. Bxe5 Nxe5 17. Bxb7 Rab8 18. Be4 Nbc4 19. f3 Bh3 20.
Rf2 a6 21. Nc7 Nxb2 22. Nxa6 Nbd3 23. Nxb8 Nxc1 24. Nc6 Nxc6 25. Bxc6 Rc8 26.
Nd5 Kf8 27. Nb4 Rb8 28. Rc2 Rxb4 29. Rxc1 Rb2 30. a4 Rg2+ 31. Kh1 Ra2 32. f4 g6
33. Kg1 Ke7 34. Rd1 h5 35. Re1+ Kd6 36. Be8 Be6 37. Rd1+ Ke7 38. Bb5 Bh3 39.
Re1+ Kf6 40. Re2 Ra3 41. Kf2 Bg4 42. Rd2 Rf3+ 43. Kg2 Ra3 44. Bc6 Be6 45. Bb5
Bg4 46. Rd6+ Kg7 47. Rd3 Ra2+ 48. Kg1 Bh3 49. Bc6 Kf6 50. Re3 Rc2 51. Bd5 Rc1+
52. Kf2 Ra1 53. Bc6 Ra2+ 54. Re2 Ra3 55. Rb2 Bg4 56. Ke1 Be6 57. Kf2
1/2-1/2

[Event "Fagernes Chess International"]
[Site "Fagernes"]
[Date "2015.03.29"]
[Round "5"]
[White "Kulaots, Kaido"]
[Black "Hammer, Jon Ludvig"]
[Result "0-1"]
[WhiteElo "2558"]
[BlackElo "2651"]
[PlyCount "106"]
[EventDate "2015.??.??"]

1. Nf3 d5 2. c4 d4 3. b4 c5 4. bxc5 Nc6 5. g3 e5 6. d3 Bxc5 7. Bg2 Nf6 8. O-O
O-O 9. Bg5 h6 10. Bxf6 Qxf6 11. Nbd2 Qe7 12. Rb1 Rb8 13. Qc2 Bd7 14. Ne4 Bb4
15. c5 Kh7 16. e3 b6 17. exd4 exd4 18. Rbc1 f5 19. cxb6 fxe4 20. Nh4 Rxb6 21.
Bxe4+ Kg8 22. Ng6 Qd6 23. Nxf8 Kxf8 24. Rb1 Ne5 25. Rfc1 Bc3 26. Rb3 Be6 27.
Rxb6 axb6 28. Rb1 Nd7 29. Qa4 Ba5 30. Bg6 Bh3 31. Bh7 Nc5 32. Qc4 Be6 33. Qc2
Qd5 34. Qe2 Qxa2 35. Qf3+ Ke7 36. Rc1 Qd5 37. Qf4 g5 38. Qc7+ Kf6 39. h4 gxh4
40. Qf4+ Kg7 41. Be4 Qg5 42. Qc7+ Bf7 43. Kh2 Nxe4 44. dxe4 d3 45. Rg1 d2 46.
Qd7 h3 47. Kxh3 Qe5 48. Qd3 Bc3 49. g4 Bb4 50. Kg2 Qf4 51. Kh3 Bd6 52. Rg2 Bc4
53. Qd4+ Qe5
0-1

[Event "Fagernes Chess International"]
[Site "Fagernes"]
[Date "2015.03.29"]
[Round "5"]
[White "Postny, Evgeny"]
[Black "Romanov, Evgeny"]
[Result "1-0"]
[WhiteElo "2645"]
[BlackElo "2613"]
[PlyCount "61"]
[EventDate "2015.??.??"]

1. d4 d5 2. c4 c6 3. Nf3 Nf6 4. Nc3 dxc4 5. a4 Bf5 6. Ne5 Nbd7 7. Nxc4 Qc7 8.
g3 e5 9. dxe5 Nxe5 10. Bf4 Nfd7 11. a5 f6 12. a6 b5 13. Ne3 Bg6 14. Bg2 Rd8 15.
O-O Nc5 16. Qe1 Bd6 17. b4 Ncd7 18. Rc1 Nc4 19. Bxd6 Qxd6 20. Nxc4 bxc4 21. Rd1
Qxb4 22. Bxc6 Qb6 23. Rd6 Ke7 24. Nd5+ Kxd6 25. Nxb6 Nxb6 26. Bb5 Ke6 27. Qb4
Rd4 28. e3 Rd5 29. Bxc4 Nxc4 30. Qxc4 Bd3 31. Qg4+
1-0

[Event "Fagernes Chess International"]
[Site "Fagernes"]
[Date "2015.03.29"]
[Round "5"]
[White "Donchenko, Alexander"]
[Black "Burmakin, Vladimir"]
[Result "1/2-1/2"]
[WhiteElo "2569"]
[BlackElo "2581"]
[PlyCount "64"]
[EventDate "2015.??.??"]

1. d4 Nf6 2. c4 c6 3. Nf3 d5 4. Nc3 a6 5. c5 Bf5 6. Bf4 Nbd7 7. e3 Nh5 8. Be5
Nxe5 9. Nxe5 Nf6 10. Bd3 Bxd3 11. Nxd3 g6 12. O-O Bg7 13. f4 O-O 14. b4 Nd7 15.
a4 b6 16. a5 b5 17. Qf3 e6 18. Ra2 Qe7 19. Raf2 Rad8 20. Ne2 f6 21. Qh3 Rde8
22. Qg3 e5 23. fxe5 fxe5 24. Rxf8+ Rxf8 25. Rxf8+ Kxf8 26. dxe5 Nxe5 27. Nxe5
Bxe5 28. Qf2+ Kg7 29. h3 h5 30. Nd4 Bxd4 31. exd4 Qe4 32. h4 Qg4
1/2-1/2

[Event "Fagernes Chess International"]
[Site "Fagernes"]
[Date "2015.03.29"]
[Round "5"]
[White "Werle, Jan"]
[Black "Salomon, Johan"]
[Result "1-0"]
[WhiteElo "2514"]
[BlackElo "2401"]
[PlyCount "45"]
[EventDate "2015.??.??"]

1. d4 Nf6 2. c4 e6 3. Nc3 Bb4 4. e3 O-O 5. Bd3 d5 6. Nf3 c5 7. O-O dxc4 8. Bxc4
Nbd7 9. Qe2 a6 10. a3 Ba5 11. Rd1 Qe7 12. Ba2 Bc7 13. b4 cxb4 14. axb4 e5 15.
b5 exd4 16. Ba3 Bd6 17. Bxd6 Qxd6 18. Nxd4 Qe5 19. Qf3 Nb6 20. bxa6 Rxa6 21. h3
g5 22. Rdb1 Ra5 23. Rxb6
1-0

[Event "Fagernes Chess International"]
[Site "Fagernes"]
[Date "2015.03.29"]
[Round "5"]
[White "Mikalsen, Erlend"]
[Black "Agdestein, Simen"]
[Result "1-0"]
[WhiteElo "2161"]
[BlackElo "2620"]
[PlyCount "79"]
[EventDate "2015.??.??"]

1. e4 e6 2. d4 d5 3. Nc3 Nf6 4. Bg5 Bb4 5. e5 h6 6. Bh4 g5 7. Bg3 Ne4 8. Nge2
f5 9. f3 Nxg3 10. hxg3 h5 11. g4 fxg4 12. fxg4 h4 13. Qd3 Qe7 14. a3 Ba5 15.
Ng1 Rg8 16. b4 Bb6 17. Nd1 a5 18. Rb1 Nc6 19. c3 Bd7 20. Nf3 Na7 21. Qd2 Nb5
22. Qb2 axb4 23. axb4 Na3 24. Rc1 Bb5 25. Ra1 Bxf1 26. Kxf1 Qh7 27. Nf2 Nc4 28.
Rxa8+ Ke7 29. Qa2 Rxa8 30. Qxa8 Qb1+ 31. Ne1 Nd2+ 32. Ke2 Ne4 33. Nxe4 Qxe4+
34. Kd2 Qf4+ 35. Kc2 Qxg4 36. Qa1 Qe4+ 37. Kb3 Qe2 38. Nc2 Qxg2 39. Rg1 Qd2 40.
Qf1
1-0

[Event "Fagernes Chess International"]
[Site "Fagernes"]
[Date "2015.03.29"]
[Round "5"]
[White "Tari, Aryan"]
[Black "Johannessen, Leif E"]
[Result "1/2-1/2"]
[WhiteElo "2509"]
[BlackElo "2527"]
[PlyCount "45"]
[EventDate "2015.??.??"]

1. e4 e6 2. d4 d5 3. Nc3 Nf6 4. e5 Nfd7 5. f4 c5 6. Nf3 Nc6 7. Be3 Be7 8. Qd2
O-O 9. dxc5 Nxc5 10. O-O-O a6 11. Qf2 b6 12. Kb1 Qc7 13. Qg3 f6 14. f5 fxe5 15.
fxe6 Bxe6 16. Nxd5 Bxd5 17. Rxd5 Bf6 18. Bc4 Kh8 19. Rhd1 Rae8 20. Bxc5 bxc5
21. Rd7 Rd8 22. Nh4 Ne7 23. R7d3
1/2-1/2

[Event "Fagernes Chess International"]
[Site "Fagernes"]
[Date "2015.03.29"]
[Round "5"]
[White "Urkedal, Frode Olav Olsen"]
[Black "Graf, Felix"]
[Result "0-1"]
[WhiteElo "2524"]
[BlackElo "2478"]
[PlyCount "75"]
[EventDate "2015.??.??"]

1. d4 Nf6 2. c4 b6 3. g3 Bb7 4. Nf3 g6 5. Bg2 Bg7 6. d5 Na6 7. Nc3 Nc5 8. O-O
O-O 9. Bf4 a5 10. Qc2 d6 11. Rad1 e5 12. Bc1 Bc8 13. b3 Bf5 14. Qb2 Qc8 15. Nb5
Bh3 16. Ng5 Bd7 17. Nf3 Bxb5 18. cxb5 Qd7 19. a4 e4 20. Nd4 Nxd5 21. Qc2 Nb4
22. Qb1 f5 23. f3 Rae8 24. Ba3 Nd5 25. Qc1 exf3 26. Rxf3 Nf6 27. Qc2 Ng4 28.
Bc1 Bh6 29. Bxh6 Nxh6 30. Rf4 Qg7 31. h3 Kh8 32. Rdf1 Qe5 33. Kh1 Ng8 34. g4
Nf6 35. Nxf5 Nfd7 36. e4 gxf5 37. exf5 Nf6 38. Qf2
0-1

[Event "Fagernes Chess International"]
[Site "Fagernes"]
[Date "2015.03.29"]
[Round "5"]
[White "Dann, Matthias"]
[Black "Hauge, Lars Oskar"]
[Result "1-0"]
[WhiteElo "2475"]
[BlackElo "2380"]
[PlyCount "145"]
[EventDate "2015.??.??"]

1. Nf3 Nf6 2. c4 g6 3. Nc3 Bg7 4. g3 O-O 5. Bg2 c5 6. O-O Nc6 7. d4 cxd4 8.
Nxd4 Nxd4 9. Qxd4 d6 10. Qd3 Nd7 11. b3 Nc5 12. Qe3 a5 13. Ba3 Ra6 14. Rfd1 b6
15. Rac1 Bd7 16. h4 Be5 17. Nd5 Re8 18. Rd2 Bc6 19. Bf3 Ra8 20. Rcd1 Rc8 21. h5
e6 22. Nf4 Qf6 23. Bxc6 Rxc6 24. Ng2 Qe7 25. Ne1 Bf6 26. Nf3 d5 27. cxd5 exd5
28. Qxe7 Rxe7 29. e3 a4 30. Rxd5 axb3 31. axb3 Re8 32. Rc1 Rec8 33. Bxc5 Rxc5
34. Rcxc5 bxc5 35. hxg6 hxg6 36. Nd2 Kf8 37. Kf1 Ke7 38. Ke2 Ke6 39. Rd3 Bg7
40. f4 f5 41. Kf3 Bf6 42. g4 fxg4+ 43. Kxg4 Be7 44. Ne4 Rc7 45. Ng5+ Kf6 46. e4
Ra7 47. Rh3 Kg7 48. Rh7+ Kf8 49. Rf7+ Ke8 50. Rg7 Rb7 51. Rxg6 Rxb3 52. f5 c4
53. f6 Bf8 54. f7+ Kd7 55. Ra6 c3 56. Ra7+ Kd6 57. Ra8 c2 58. Rxf8 c1=Q 59.
Rd8+ Kc7 60. Rc8+ Kxc8 61. f8=Q+ Kb7 62. Qf7+ Ka8 63. Qxb3 Qg1+ 64. Qg3 Qd1+
65. Qf3 Qg1+ 66. Kf5 Qb1 67. Kg6 Qb6+ 68. Qf6 Qb1 69. Qf8+ Ka7 70. Kg7 Qb2+ 71.
Qf6 Qg2 72. e5 Ka8 73. Qf3+
1-0

[Event "Fagernes Chess International"]
[Site "Fagernes"]
[Date "2015.03.29"]
[Round "5"]
[White "Merkesvik, Sondre"]
[Black "Nilsen, Joachim B."]
[Result "1/2-1/2"]
[WhiteElo "2135"]
[BlackElo "2406"]
[PlyCount "48"]
[EventDate "2015.??.??"]

1. d4 Nf6 2. Nf3 g6 3. g3 Bg7 4. Bg2 O-O 5. O-O d6 6. c4 Nc6 7. Nc3 Bf5 8. d5
Na5 9. Nd4 Bd7 10. b3 c5 11. dxc6 bxc6 12. Bb2 Rb8 13. Rb1 c5 14. Nc2 Nc6 15.
Ne3 Nd4 16. Ned5 Bf5 17. Nxf6+ Bxf6 18. Ne4 Bg7 19. e3 Nc6 20. g4 Bd7 21. Bxg7
Kxg7 22. g5 Qc8 23. f4 Bf5 24. Rb2 Qe6
1/2-1/2

[Event "Fagernes Chess International"]
[Site "Fagernes"]
[Date "2015.03.29"]
[Round "5"]
[White "Haug, Johannes"]
[Black "Christiansen, Johan-Sebastian"]
[Result "0-1"]
[WhiteElo "2339"]
[BlackElo "2351"]
[PlyCount "68"]
[EventDate "2015.??.??"]

1. e4 e6 2. d4 d5 3. Nd2 h6 4. Bd3 c5 5. dxc5 Bxc5 6. Ngf3 Nf6 7. Qe2 O-O 8.
O-O Nc6 9. c3 Qc7 10. b4 Bb6 11. a3 a5 12. Bb2 Ng4 13. h3 Nge5 14. Bc2 Ng6 15.
Qb5 Bd7 16. exd5 Nxb4 17. Qc4 Nxc2 18. Rac1 exd5 19. Qxc7 Bxc7 20. Rxc2 Rfe8
21. Nd4 Nf4 22. N2f3 Ba4 23. Rd2 Rac8 24. Ne1 Bb6 25. Kh2 Nh5 26. Nec2 Nf6 27.
f3 Bc7+ 28. Kg1 Bf4 29. Rdd1 Nd7 30. Kf2 Nb6 31. g3 Nc4 32. Bc1 Bxc1 33. Rxc1
Nb2 34. Ne1 Nd1+
0-1

[Event "Fagernes Chess International"]
[Site "Fagernes"]
[Date "2015.03.29"]
[Round "5"]
[White "Haugli, Petter"]
[Black "Rozentalis, Eduardas"]
[Result "1/2-1/2"]
[WhiteElo "2247"]
[BlackElo "2549"]
[PlyCount "108"]
[EventDate "2015.??.??"]

1. d4 Nf6 2. c4 e6 3. Nc3 Bb4 4. f3 Nh5 5. Nh3 f5 6. Bg5 Be7 7. Bxe7 Qxe7 8. e4
f4 9. Qd2 O-O 10. Be2 d6 11. Nf2 Nc6 12. d5 Ne5 13. O-O-O a6 14. Kb1 Bd7 15.
Ng4 Ng6 16. e5 Nxe5 17. Nxe5 dxe5 18. d6 cxd6 19. Qxd6 Qxd6 20. Rxd6 Nf6 21.
Bd3 Kf7 22. Re1 Ke7 23. c5 Rac8 24. b4 a5 25. a3 axb4 26. axb4 Rc6 27. Rxc6
bxc6 28. Kb2 g5 29. Rxe5 Rg8 30. h3 h5 31. Bc4 Nh7 32. Ne4 h4 33. Kb3 Ra8 34.
Nd6 Ra1 35. Bd3 Kf6 36. Re2 Nf8 37. Ne4+ Kg6 38. Nd6+ Kf6 39. Ne4+ Kg6 40. Nf2+
Kf6 41. Ng4+ Ke7 42. Re5 Rg1 43. Rxg5 Rxg2 44. Rg7+ Kd8 45. Rg8 Ke7 46. Rg7+
Kd8 47. Rf7 Ke8 48. Rxf4 Rg3 49. Nf6+ Ke7 50. Ne4 e5 51. Rxh4 Rxf3 52. Kc2 Bf5
53. Kd2 Ne6 54. Bc4 Rxh3
1/2-1/2

[Event "Fagernes Chess International"]
[Site "Fagernes"]
[Date "2015.03.29"]
[Round "5"]
[White "Wallace, John Paul"]
[Black "Røyset, Pål"]
[Result "1/2-1/2"]
[WhiteElo "2388"]
[BlackElo "2251"]
[PlyCount "74"]
[EventDate "2015.??.??"]

1. e4 e5 2. Nf3 Nc6 3. Bb5 a6 4. Ba4 g6 5. d3 Bg7 6. Bg5 Nge7 7. Nc3 b5 8. Bb3
f6 9. Be3 Na5 10. Qd2 Bb7 11. Bh6 Nxb3 12. axb3 O-O 13. Bxg7 Kxg7 14. O-O d5
15. Rfe1 d4 16. Ne2 c5 17. h3 Qd6 18. Nh2 f5 19. exf5 gxf5 20. b4 cxb4 21. f4
Ng6 22. fxe5 Qxe5 23. Qxb4 Qe3+ 24. Kh1 Rad8 25. Ng1 Qg3 26. Ngf3 Rf7 27. Nf1
Qf4 28. N1d2 Nh4 29. Rg1 Kh8 30. Qc5 Rg7 31. Qe5 Nxg2 32. Qf6 Rdg8 33. Rxg2
Bxf3 34. Nxf3 Qxf3 35. Rag1 Qxh3+ 36. Rh2 Qf3+ 37. Rhg2 Qh3+
1/2-1/2

[Event "Fagernes Chess International"]
[Site "Fagernes"]
[Date "2015.03.29"]
[Round "5"]
[White "Paulet, Iozefina"]
[Black "Galinsky, Timofey"]
[Result "1/2-1/2"]
[WhiteElo "2205"]
[BlackElo "2411"]
[PlyCount "141"]
[EventDate "2015.??.??"]

1. e4 e6 2. d4 d5 3. Nc3 Nf6 4. e5 Nfd7 5. f4 c5 6. Nf3 Nc6 7. Be3 Be7 8. Qd2
O-O 9. dxc5 Nxc5 10. O-O-O a6 11. Qf2 b6 12. f5 Kh8 13. fxe6 fxe6 14. Qg3 Qc7
15. Kb1 Bd7 16. h4 Rac8 17. Bd3 Nxd3 18. cxd3 b5 19. h5 d4 20. Nxd4 Qxe5 21.
Qxe5 Nxe5 22. h6 g6 23. Ne4 Ng4 24. Bg1 e5 25. Nf3 Be6 26. Bh2 Kg8 27. Rde1 Bb4
28. Re2 Bd5 29. Bg3 Nf6 30. Nxf6+ Rxf6 31. Nxe5 Rcf8 32. a3 Bd6 33. Rhe1 g5 34.
d4 Bc4 35. Re3 Rxh6 36. Nxc4 bxc4 37. Rc1 Bf4 38. Bxf4 gxf4 39. Rec3 Rg6 40.
R1c2 Rc8 41. Rf2 Rg4 42. Rcf3 Kf7 43. Rxf4+ Rxf4 44. Rxf4+ Ke6 45. Kc2 Rg8 46.
g4 Rb8 47. g5 Kd5 48. Rh4 Rb7 49. Rh6 a5 50. Ra6 Kxd4 51. Rxa5 Rf7 52. Ra8 Rf2+
53. Kb1 Rg2 54. Rd8+ Kc5 55. Rh8 Rxg5 56. Rxh7 Rg2 57. Rc7+ Kb5 58. Rb7+ Kc6
59. Rb8 Kc5 60. a4 Rg1+ 61. Ka2 Rg2 62. a5 c3 63. a6 Rg6 64. Rc8+ Kb6 65. bxc3
Kxa6 66. Kb3 Kb6 67. Kb4 Rg4+ 68. c4 Rg1 69. Rb8+ Kc6 70. Rc8+ Kb6 71. c5+
1/2-1/2

[Event "Fagernes Chess International"]
[Site "Fagernes"]
[Date "2015.03.29"]
[Round "5"]
[White "Mihajlov, Sebastian"]
[Black "Goossens, Hanne"]
[Result "1/2-1/2"]
[WhiteElo "2308"]
[BlackElo "2168"]
[PlyCount "94"]
[EventDate "2015.??.??"]

1. d4 Nf6 2. Nf3 c5 3. e3 g6 4. Nbd2 cxd4 5. exd4 Bg7 6. Bd3 O-O 7. O-O Nc6 8.
c3 d6 9. Nb3 Bd7 10. Bg5 Rc8 11. Re1 Re8 12. Qd2 Na5 13. Nxa5 Qxa5 14. c4 Qxd2
15. Bxd2 a6 16. Re2 Kf8 17. Rae1 Bf5 18. Bxf5 gxf5 19. b3 Ne4 20. Bb4 Bf6 21.
Nd2 Bxd4 22. Nxe4 fxe4 23. Rxe4 Bf6 24. g4 b5 25. cxb5 axb5 26. Bd2 e6 27. Rb4
Rc2 28. Bh6+ Bg7 29. Rc1 Rec8 30. Rxc2 Rxc2 31. Be3 Rxa2 32. Rxb5 Bf6 33. g5
Be5 34. f4 Bc3 35. h4 Re2 36. Bf2 Re4 37. f5 exf5 38. Rxf5 Bd4 39. h5 Bxf2+ 40.
Kxf2 Rb4 41. g6 hxg6 42. hxg6 Rxb3 43. Rxf7+ Kg8 44. Rd7 Rd3 45. Ke2 Rg3 46.
Rxd6 Kg7 47. Kf2 Rxg6
1/2-1/2

[Event "Fagernes Chess International"]
[Site "Fagernes"]
[Date "2015.03.29"]
[Round "5"]
[White "Bjerke, Richard"]
[Black "Gandrud, Vegar Koi"]
[Result "1/2-1/2"]
[WhiteElo "2180"]
[BlackElo "2211"]
[PlyCount "43"]
[EventDate "2015.??.??"]

1. Nf3 d5 2. d4 e6 3. g3 Nf6 4. Bg2 Be7 5. O-O O-O 6. c4 c6 7. Qc2 Nbd7 8. Nbd2
b6 9. e4 Bb7 10. e5 Ne8 11. Re1 Rc8 12. cxd5 cxd5 13. Qa4 Bc6 14. Qd1 Bb5 15.
Nf1 Nb8 16. Ne3 Qd7 17. Bf1 Nc7 18. Bd2 Bxf1 19. Rxf1 Nca6 20. a3 Qb7 21. Qb3
Rc7 22. Rac1
1/2-1/2

[Event "Fagernes Chess International"]
[Site "Fagernes"]
[Date "2015.03.29"]
[Round "5"]
[White "Getz, Nicolai"]
[Black "Mihajlov, Svetoslav"]
[Result "1-0"]
[WhiteElo "2367"]
[BlackElo "2203"]
[PlyCount "27"]
[EventDate "2015.??.??"]

1. e4 c5 2. Nf3 e6 3. d4 cxd4 4. Nxd4 Nf6 5. Bd3 Nc6 6. Nxc6 dxc6 7. f4 e5 8.
f5 Bc5 9. Qf3 h5 10. Nc3 Ng4 11. Nd1 Qh4+ 12. g3 Qh3 13. Bf1 Nxh2 14. Qd3
1-0

[Event "Fagernes Chess International"]
[Site "Fagernes"]
[Date "2015.03.29"]
[Round "5"]
[White "Dolzhikova, Olga"]
[Black "Havik, Victor"]
[Result "1-0"]
[WhiteElo "2159"]
[BlackElo "2160"]
[PlyCount "109"]
[EventDate "2015.??.??"]

1. e4 e5 2. Nf3 Nc6 3. Bc4 Bc5 4. c3 Nf6 5. d3 O-O 6. Bb3 d5 7. Nbd2 Be6 8. Qe2
dxe4 9. dxe4 Qe7 10. O-O Bxb3 11. axb3 a5 12. Nh4 g6 13. Nc4 Ne8 14. Qg4 Ng7
15. Bh6 f6 16. Rad1 Rfd8 17. Rd5 Qe6 18. Qf3 b6 19. Rfd1 Ne8 20. Qg3 Kf7 21.
Nf3 Nd6 22. Qh4 Nxc4 23. bxc4 Bd6 24. g4 Ne7 25. g5 Nxd5 26. cxd5 Qe7 27. gxf6
Qxf6 28. Ng5+ Kg8 29. Rd3 Qe7 30. Rf3 Rf8 31. Bxf8 Rxf8 32. Rxf8+ Kxf8 33.
Nxh7+ Kg7 34. Ng5 Kg8 35. Qg4 Qf6 36. Qc8+ Kg7 37. Qd7+ Kh6 38. Nf7+ Kh5 39.
Qh3+ Qh4 40. Kg2 g5 41. Qxh4+ Kxh4 42. h3 g4 43. hxg4 Kxg4 44. f3+ Kf4 45. Kf2
b5 46. Nd8 Bc5+ 47. Ke2 Kg3 48. Nc6 a4 49. Nxe5 b4 50. cxb4 Bd4 51. Nc4 Bxb2
52. Kd3 Kxf3 53. Nxb2 a3 54. Nc4 a2 55. Nd2+
1-0

[Event "Fagernes Chess International"]
[Site "Fagernes"]
[Date "2015.03.29"]
[Round "5"]
[White "Vovk, Oksana"]
[Black "Grønnestad, Anita"]
[Result "1-0"]
[WhiteElo "2112"]
[BlackElo "1987"]
[PlyCount "69"]
[EventDate "2015.??.??"]

1. d4 f5 2. g3 e6 3. Bg2 Nf6 4. Nf3 Be7 5. c4 O-O 6. O-O d6 7. Nc3 a5 8. Qc2
Nc6 9. Rd1 Qe8 10. e4 e5 11. dxe5 dxe5 12. exf5 Ng4 13. h3 Bxf5 14. Qe2 Qh5 15.
Nh2 Nd4 16. Rxd4 exd4 17. hxg4 Bxg4 18. Nxg4 Qc5 19. Ne4 Qf5 20. Bf4 h5 21. Nh2
c6 22. Rd1 Rad8 23. Nf3 Qg4 24. Rxd4 Rxd4 25. Nxd4 Qg6 26. Nc3 Bf6 27. Qe6+ Kh8
28. Be4 Qe8 29. Qf5 g6 30. Qc5 Rg8 31. Qd6 Qf7 32. Be5 Bxe5 33. Qxe5+ Qg7 34.
Qg5 Qf7 35. Ne6
1-0

[Event "Fagernes Chess International"]
[Site "Fagernes"]
[Date "2015.03.29"]
[Round "5"]
[White "Martinsen, Stig K."]
[Black "Kjølberg, Jens Hjorth"]
[Result "1-0"]
[WhiteElo "2157"]
[BlackElo "2094"]
[PlyCount "101"]
[EventDate "2015.??.??"]

1. d4 Nf6 2. Nf3 g6 3. Nc3 d5 4. Bf4 Bg7 5. e3 O-O 6. Be2 c5 7. Ne5 cxd4 8.
exd4 Nc6 9. O-O Bf5 10. Nxc6 bxc6 11. Na4 Nd7 12. c3 f6 13. g4 Be6 14. Ba6 Bf7
15. Bb7 e5 16. Bxa8 Qxa8 17. Bg3 g5 18. Re1 Be6 19. f3 h5 20. gxh5 Qe8 21. b4
f5 22. h6 Bh8 23. Bxe5 Bxe5 24. dxe5 Qh5 25. f4 g4 26. Qd4 Qxh6 27. Re3 Rf7 28.
Rf1 Rh7 29. Rf2 Nf8 30. Nc5 Qg6 31. Rg2 Kh8 32. a4 Qf7 33. Reg3 Qe7 34. Nd3 Ng6
35. Re2 Qb7 36. Nc5 Qe7 37. Nd3 Qh4 38. Rf2 Qh6 39. Ne1 Nh4 40. Rd2 Qf8 41. Rf2
Qc8 42. Nd3 Rg7 43. Nc5 Qe8 44. Nb3 Kh7 45. Qc5 d4 46. Nxd4 Bd5 47. b5 Be4 48.
bxc6 Qb8 49. Qb4 Qc8 50. Qd6 Qa6 51. Qf6
1-0

[Event "Fagernes Chess International"]
[Site "Fagernes"]
[Date "2015.03.29"]
[Round "5"]
[White "Kaasen, Tor Fredrik"]
[Black "Hølleland, Sigve"]
[Result "1-0"]
[WhiteElo "2099"]
[BlackElo "1963"]
[PlyCount "117"]
[EventDate "2015.??.??"]

1. e4 c6 2. d4 d5 3. Nc3 dxe4 4. Nxe4 Nd7 5. Nf3 Ngf6 6. Ng3 e6 7. Bf4 Nd5 8.
Bd2 c5 9. c4 N5f6 10. Bc3 cxd4 11. Nxd4 Be7 12. Be2 O-O 13. O-O a6 14. Re1 Qc7
15. Qd2 Bd6 16. Rad1 Bf4 17. Qc2 b6 18. Bf3 Bb7 19. Bxb7 Qxb7 20. Ne4 Qc7 21.
g3 Bh6 22. Bb4 Rfc8 23. Nd6 Rcb8 24. Qe2 Nc5 25. Bxc5 bxc5 26. Nb3 Rd8 27. Ne4
Nxe4 28. Qxe4 g6 29. Rxd8+ Rxd8 30. Qe5 Rc8 31. Qxc7 Rxc7 32. Rd1 Bf8 33. Rd8
Kg7 34. Na5 Be7 35. Ra8 Rd7 36. Nc6 Bf6 37. b3 e5 38. Rxa6 e4 39. Ra8 Rd1+ 40.
Kg2 Bc3 41. Re8 f5 42. a4 Rb1 43. a5 Ra1 44. Ra8 Ra2 45. Kh3 Rxf2 46. a6 g5 47.
g4 h5 48. gxf5 Be1 49. a7 Ra2 50. Ne5 g4+ 51. Nxg4 hxg4+ 52. Kxg4 Bd2 53. f6+
Kf7 54. Rh8 e3 55. Kf3 Kxf6 56. a8=Q Rxa8 57. Rxa8 Ke5 58. Rd8 Ke6 59. Rxd2
1-0

[Event "Fagernes Chess International"]
[Site "Fagernes"]
[Date "2015.03.29"]
[Round "6"]
[White "Hammer, Jon Ludvig"]
[Black "Postny, Evgeny"]
[Result "1/2-1/2"]
[WhiteElo "2651"]
[BlackElo "2645"]
[PlyCount "87"]
[EventDate "2015.??.??"]

1. d4 Nf6 2. c4 e6 3. Nf3 b6 4. g3 Ba6 5. b3 Bb7 6. Bg2 Bb4+ 7. Bd2 a5 8. O-O
O-O 9. Nc3 d6 10. d5 e5 11. Ne1 Nbd7 12. Nd3 Bxc3 13. Bxc3 Qe7 14. e4 c6 15.
Qd2 Rfc8 16. a4 Re8 17. Rae1 Qd8 18. f4 Qc7 19. Bb2 cxd5 20. exd5 exf4 21. Qxf4
Rxe1 22. Rxe1 Re8 23. Rxe8+ Nxe8 24. Bh3 Nef6 25. g4 Bc8 26. g5 Ne8 27. Qe3 Nf8
28. Qxe8 Bxh3 29. Qe3 Bf5 30. Nf2 Qd8 31. Bd4 Nd7 32. h4 Bg6 33. Kf1 Nc5 34.
Ke1 Qd7 35. Kd2 f6 36. gxf6 Qf5 37. Bxc5 bxc5 38. fxg7 Qc2+ 39. Ke1 Qb1+ 40.
Nd1 Bc2 41. Qe8+ Kxg7 42. Qe7+ Kg8 43. Qe8+ Kg7 44. Qe7+
1/2-1/2

[Event "Fagernes Chess International"]
[Site "Fagernes"]
[Date "2015.03.29"]
[Round "6"]
[White "Vovk, Andrey"]
[Black "Kulaots, Kaido"]
[Result "1/2-1/2"]
[WhiteElo "2644"]
[BlackElo "2558"]
[PlyCount "75"]
[EventDate "2015.??.??"]

1. e4 c5 2. Nf3 Nc6 3. d4 cxd4 4. Nxd4 Qb6 5. Nb3 Nf6 6. Bd3 e6 7. Be3 Qc7 8.
f4 d6 9. Nc3 a6 10. g4 b5 11. Qf3 Nd7 12. O-O-O Be7 13. Kb1 Nb4 14. g5 Nxd3 15.
cxd3 b4 16. Ne2 a5 17. Rc1 Qb7 18. h4 Qa6 19. Bd4 O-O 20. Ng3 Qb5 21. f5 Ba6
22. Rcd1 a4 23. Nc1 e5 24. Be3 b3 25. a3 d5 26. f6 Bxa3 27. fxg7 Bxb2 28.
gxf8=Q+ Rxf8 29. Nh5 a3 30. Nf6+ Nxf6 31. gxf6 Kh8 32. Qg4 Rg8 33. Qxg8+ Kxg8
34. Bh6 Bc3 35. Rhg1+ Kh8 36. Bg7+ Kg8 37. Bh6+ Kh8 38. Bg7+
1/2-1/2

[Event "Fagernes Chess International"]
[Site "Fagernes"]
[Date "2015.03.29"]
[Round "6"]
[White "Mikalsen, Erlend"]
[Black "Werle, Jan"]
[Result "1/2-1/2"]
[WhiteElo "2161"]
[BlackElo "2514"]
[PlyCount "76"]
[EventDate "2015.??.??"]

1. e4 c5 2. Nf3 e6 3. d4 cxd4 4. Nxd4 a6 5. Nc3 Qc7 6. Be2 Nf6 7. O-O Nc6 8.
Be3 Be7 9. f4 d6 10. Qe1 O-O 11. Qg3 Nxd4 12. Bxd4 b5 13. a3 Bb7 14. Bd3 Rad8
15. Rad1 Rd7 16. Kh1 Qd8 17. Qh3 h6 18. Rf3 e5 19. fxe5 dxe5 20. Bxe5 Nxe4 21.
Nxe4 Bxe4 22. Qg4 Bg6 23. Rdf1 h5 24. Qh3 Bxd3 25. cxd3 g6 26. Qg3 Bh4 27. Qf4
Bg5 28. Qe4 Bh6 29. Qc6 Re8 30. Rxf7 Rxf7 31. Qxg6+ Rg7 32. Bxg7 Bxg7 33. Qf7+
Kh7 34. Qxh5+ Kg8 35. Qf7+ Kh8 36. Qh5+ Kg8 37. Qf7+ Kh8 38. Qh5+ Kg8
1/2-1/2